000 00248nam a22000857a 4500
008 160708b xxu||||| |||| 00| 0 eng d
100 _92426
_a Nature Cure
245 _aNature Cure for Diabetes
260 _aNew Delhi
_b Nature Cure Yoga Health Centre
_c1993
999 _c2101
_d2101